000 00507nam a2200133Ia 4500
008 220204s9999 xx 000 0 und d
020 _a9843219008
082 _a004:061.3(5-13)
_bSAI
245 0 _aProceedings of the regional workshop on attempts and successes of ICT roadmap to villages in the SAARC countries, 6th-8th October 2004, Dhaka, Bangladesh
260 _aDhaka
_bSAARC Agricultural Information Centre
_c2004
650 _aIndia
650 _aInformation and comminucation technology
942 _cBK
999 _c44175
_d44175